[Event "Fortaleza Alves memorial 17th"]
[Site "Fortaleza"]
[Date "2013.05.19"]
[Round "5"]
[White "Matsuura, Everaldo"]
[Black "Mekhitarian, Krikor Sevag"]
[Result "1/2-1/2"]
[WhiteElo "2478"]
[BlackElo "2551"]
[PlyCount "53"]
[EventDate "2013.05.17"]
[EventType "swiss"]
[EventRounds "6"]
[EventCountry "BRA"]
[SourceTitle "CBM 154 Extra"]
[Source "ChessBase"]
[SourceDate "2013.06.25"]
[SourceVersion "2"]
[SourceVersionDate "2013.06.25"]
[SourceQuality "1"]

1. d4 Nf6 2. c4 e6 3. Nc3 Bb4 4. e3 b6 5. Nge2 c5 6. a3 Ba5 7. Rb1 Na6 8. g3
Bb7 9. d5 b5 10. Bg2 bxc4 11. O-O O-O 12. e4 d6 13. Qa4 exd5 14. exd5 Bb6 15.
Nb5 Nc7 16. Nxc7 Bxc7 17. Qxc4 Qc8 18. Bg5 Ba6 19. Qc2 Re8 20. Rfe1 Rxe2 21.
Rxe2 Bxe2 22. Bxf6 Qa6 23. Qf5 Bd3 24. Qg5 Bg6 25. Bc3 h6 26. Qg4 Re8 27. Re1
1/2-1/2

[Event "Fortaleza Alves memorial 17th"]
[Site "Fortaleza"]
[Date "2013.05.19"]
[Round "6"]
[White "Mekhitarian, Krikor Sevag"]
[Black "Leitao, Rafael Duailibe"]
[Result "1/2-1/2"]
[WhiteElo "2551"]
[BlackElo "2618"]
[PlyCount "88"]
[EventDate "2013.05.17"]
[EventType "swiss"]
[EventRounds "6"]
[EventCountry "BRA"]
[SourceTitle "CBM 154 Extra"]
[Source "ChessBase"]
[SourceDate "2013.06.25"]
[SourceVersion "2"]
[SourceVersionDate "2013.06.25"]
[SourceQuality "1"]

1. e4 e5 2. Nf3 Nc6 3. Bb5 a6 4. Ba4 Nf6 5. O-O Be7 6. Re1 b5 7. Bb3 d6 8. c3
O-O 9. d4 Bg4 10. Be3 exd4 11. cxd4 d5 12. e5 Ne4 13. Nc3 Nxc3 14. bxc3 f5 15.
exf6 Rxf6 16. Qd3 Bxf3 17. gxf3 Qd7 18. Qe4 Rd8 19. Bf4 Kh8 20. Qe3 Rdf8 21.
Bg3 Bd6 22. Qg5 Ne7 23. Bc2 Nf5 24. Qh5 g6 25. Qh3 Qf7 26. Be5 Bxe5 27. dxe5
Re6 28. a4 Ng7 29. axb5 axb5 30. Re3 Qe7 31. Kh1 Nh5 32. Rae1 c6 33. Qg4 Rf4
34. Qg2 Kg7 35. Rg1 Kh8 36. Rge1 Rh4 37. Qg1 Rf4 38. Qg2 Rf8 39. Qg4 Nf4 40.
Bb1 Kg7 41. Bc2 Kh6 42. Qg3 Nh5 43. Qg2 Rf4 44. Rg1 Kg7 1/2-1/2

[Event "Albena Masters op"]
[Site "Albena"]
[Date "2013.06.01"]
[Round "1"]
[White "Mekhitarian, Krikor Sevag"]
[Black "Kostov, Galin"]
[Result "1-0"]
[WhiteElo "2544"]
[BlackElo "2170"]
[PlyCount "51"]
[EventDate "2013.06.01"]
[EventType "swiss"]
[EventRounds "9"]
[EventCountry "BUL"]
[SourceTitle "CBM 154 Extra"]
[Source "ChessBase"]
[SourceDate "2013.06.25"]
[SourceVersion "2"]
[SourceVersionDate "2013.06.25"]
[SourceQuality "1"]

1. e4 c5 2. Nf3 d6 3. d4 cxd4 4. Nxd4 Nf6 5. Nc3 g6 6. Be3 Bg7 7. f3 O-O 8. Qd2
Nc6 9. Bc4 Bd7 10. O-O-O Rc8 11. Bb3 Ne5 12. Kb1 Nc4 13. Bxc4 Rxc4 14. g4 b5
15. b3 Rc8 16. Ndxb5 Qa5 17. Nd5 Qxb5 18. Nxe7+ Kh8 19. Nxc8 Bxc8 20. Qxd6 Bxg4
21. Bd4 Bxf3 22. Bxf6 Re8 23. Qd4 Kg8 24. Bxg7 Rxe4 25. Qf6 Bxh1 26. Bh6 1-0

[Event "Albena Masters op"]
[Site "Albena"]
[Date "2013.06.02"]
[Round "2"]
[White "Spassov, Liuben"]
[Black "Mekhitarian, Krikor Sevag"]
[Result "0-1"]
[WhiteElo "2335"]
[BlackElo "2544"]
[PlyCount "110"]
[EventDate "2013.06.01"]
[EventType "swiss"]
[EventRounds "9"]
[EventCountry "BUL"]
[SourceTitle "CBM 154 Extra"]
[Source "ChessBase"]
[SourceDate "2013.06.25"]
[SourceVersion "2"]
[SourceVersionDate "2013.06.25"]
[SourceQuality "1"]

1. d4 Nf6 2. c4 e6 3. Nf3 d5 4. g3 dxc4 5. Bg2 Bb4+ 6. Bd2 a5 7. O-O O-O 8. Bg5
Nc6 9. e3 h6 10. Bxf6 Qxf6 11. Nfd2 Rd8 12. Nxc4 e5 13. d5 b5 14. Ncd2 e4 15.
Nc3 Bf5 16. Ndxe4 Bxe4 17. Bxe4 Bxc3 18. bxc3 Qxc3 19. Rc1 Qe5 20. Qf3 Nb4 21.
d6 Ra7 22. Rxc7 Rxc7 23. dxc7 Qxc7 24. a3 Na2 25. Bd5 Nc3 26. e4 Rd7 27. Kg2
Qe5 28. Ba8 Rd8 29. Rc1 b4 30. axb4 axb4 31. Bd5 Nxd5 32. exd5 Qxd5 33. Qxd5
Rxd5 34. Rc8+ Kh7 35. Rb8 Rd4 36. Rb6 g5 37. h3 h5 38. Kf3 h4 39. gxh4 Rxh4 40.
Kg3 Kg7 41. Kg2 f6 42. Kg3 Kg6 43. Rb5 Rc4 44. f3 Rd4 45. Kf2 Kf7 46. Rb6 Ke7
47. Kg3 Rf4 48. Kf2 Kd7 49. Kg3 Kc7 50. Rb5 Kc6 51. Rb8 Kc5 52. Rb7 Kc4 53. Rb6
Kc3 54. h4 Rxh4 55. Rxf6 b3 0-1

[Event "Albena Masters op"]
[Site "Albena"]
[Date "2013.06.03"]
[Round "3"]
[White "Mekhitarian, Krikor Sevag"]
[Black "Sanduleac, Vasile"]
[Result "1/2-1/2"]
[WhiteElo "2544"]
[BlackElo "2414"]
[PlyCount "166"]
[EventDate "2013.06.01"]
[EventType "swiss"]
[EventRounds "9"]
[EventCountry "BUL"]
[SourceTitle "CBM 154 Extra"]
[Source "ChessBase"]
[SourceDate "2013.06.25"]
[SourceVersion "2"]
[SourceVersionDate "2013.06.25"]
[SourceQuality "1"]

1. e4 g6 2. d4 Bg7 3. Nc3 c6 4. f4 Qb6 5. Nf3 d5 6. e5 Bg4 7. Be2 Nh6 8. Na4
Qa5+ 9. c3 Nd7 10. O-O e6 11. b4 Qc7 12. Nb2 Nf5 13. Bd2 h5 14. a3 Bf8 15. Qb3
Be7 16. Bd3 Nh6 17. Rac1 b5 18. a4 a6 19. a5 Kf8 20. Rce1 Kg7 21. Nd1 Nf5 22.
Qb1 Rag8 23. Ng5 Bxd1 24. Qxd1 Kf8 25. g3 Ke8 26. Qf3 Rg7 27. Rf2 Nf8 28. h3 h4
29. g4 Ng3 30. Qe3 Kd8 31. Kg2 Qd7 32. Rc1 Kc7 33. Rf3 Nh7 34. Rf2 Nxg5 35.
fxg5 Kb7 36. Rc2 Qd8 37. Bc1 Kc7 38. Rf3 Kd7 39. Rcf2 Rhh7 40. Rc2 Ke8 41. Kh2
Kd7 42. Rg2 Rh8 43. Qf2 Rhh7 44. Qe3 Ke8 45. Kg1 Kd7 46. Kf2 Ke8 47. Ke1 Kd7
48. Kd1 Ke8 49. Kc2 Kd7 50. Rgf2 Nh1 51. Rg2 Ng3 52. Kb1 Ke8 53. Rgf2 Kd7 54.
Rc2 Ke8 55. Rg2 Kd7 56. Rg1 Ke8 57. Re1 Kd7 58. Bd2 Ke8 59. Rc1 Rg8 60. Rf2 Kd7
61. Qf4 Rgg7 62. Be3 Rg8 63. Kc2 Ke8 64. Kd1 Kd7 65. Ke1 Ke8 66. Rh2 Kd7 67.
Kf2 Ke8 68. Rg1 Rgh8 69. Rgg2 Qd7 70. Kg1 Qd8 71. Rf2 Rg8 72. Kg2 Rgh8 73. Rf3
Qd7 74. Bd2 Qd8 75. Kg1 Kd7 76. Rhf2 Rg8 77. Qe3 Ke8 78. Kg2 Rgg7 79. Kh2 Rg8
80. Kg2 Rgg7 81. Bc1 Rg8 82. Kh2 Rgg7 83. Bb1 Kd7 1/2-1/2

[Event "Albena Masters op"]
[Site "Albena"]
[Date "2013.06.04"]
[Round "4"]
[White "Georgescu, Tiberiu Marian"]
[Black "Mekhitarian, Krikor Sevag"]
[Result "1/2-1/2"]
[WhiteElo "2375"]
[BlackElo "2544"]
[PlyCount "96"]
[EventDate "2013.06.01"]
[EventType "swiss"]
[EventRounds "9"]
[EventCountry "BUL"]
[SourceTitle "CBM 154 Extra"]
[Source "ChessBase"]
[SourceDate "2013.06.25"]
[SourceVersion "2"]
[SourceVersionDate "2013.06.25"]
[SourceQuality "1"]

1. d4 Nf6 2. c4 g6 3. f3 Bg7 4. e4 d6 5. Nc3 O-O 6. Be3 Nc6 7. Nge2 a6 8. Qd2
Na5 9. Nc1 Nd7 10. Be2 c5 11. Nb3 Nxb3 12. axb3 cxd4 13. Bxd4 Nc5 14. Bxg7 Kxg7
15. Ra3 e5 16. O-O Ne6 17. Rd1 Qb6+ 18. Kh1 Nd4 19. Nb5 Nxb5 20. cxb5 Rd8 21.
Qa5 Qxa5 22. Rxa5 Be6 23. Bc4 Kf6 24. h4 Ke7 25. bxa6 bxa6 26. Rda1 Rdb8 27.
Rxa6 Rxa6 28. Rxa6 Bxc4 29. bxc4 Rxb2 30. Ra7+ Ke6 31. Rc7 Rc2 32. Kg1 h5 33.
Kf1 f5 34. exf5+ gxf5 35. Rh7 Rxc4 36. Rxh5 f4 37. Rh6+ Kd5 38. h5 Rc6 39. Kg1
Rc8 40. Rg6 Rf8 41. h6 Rf5 42. Kf2 Rh5 43. Ke2 Kc5 44. Kd3 d5 45. Re6 Rh2 46.
Rxe5 Rxh6 47. Rf5 Rg6 48. Rxf4 Rxg2 1/2-1/2

[Event "Albena Masters op"]
[Site "Albena"]
[Date "2013.06.05"]
[Round "5"]
[White "Mekhitarian, Krikor Sevag"]
[Black "Sveshnikov, Vladimir"]
[Result "1-0"]
[WhiteElo "2544"]
[BlackElo "2411"]
[PlyCount "89"]
[EventDate "2013.06.01"]
[EventType "swiss"]
[EventRounds "9"]
[EventCountry "BUL"]
[SourceTitle "CBM 154 Extra"]
[Source "ChessBase"]
[SourceDate "2013.06.25"]
[SourceVersion "2"]
[SourceVersionDate "2013.06.25"]
[SourceQuality "1"]

1. e4 c5 2. Nf3 Nc6 3. Bb5 e6 4. O-O Nge7 5. d4 cxd4 6. Nxd4 Nxd4 7. Qxd4 a6 8.
Be2 Nc6 9. Qd3 d5 10. exd5 Qxd5 11. Qg3 Qe5 12. Qxe5 Nxe5 13. Rd1 Bd7 14. Bf4
Ng6 15. Be3 Bc6 16. Nd2 Nh4 17. f3 b5 18. c4 Nf5 19. Bf2 Rd8 20. Nb3 Rxd1+ 21.
Rxd1 bxc4 22. Bxc4 Bb5 23. Bxb5+ axb5 24. g4 Nd6 25. Nd4 h5 26. h3 hxg4 27.
hxg4 g5 28. b3 Rh6 29. Bg3 b4 30. Nc6 Nb7 31. Be1 Bc5+ 32. Kg2 e5 33. Nxb4 e4
34. fxe4 Bd6 35. Kg1 Bc5+ 36. Kg2 Bd6 37. Nd5 Rh2+ 38. Kf3 Rh3+ 39. Ke2 Rh2+
40. Bf2 Nc5 41. Nf6+ Ke7 42. Kf3 Ke6 43. Rxd6+ Kxd6 44. Bg3+ Ke6 45. Bxh2 1-0

[Event "Albena Masters op"]
[Site "Albena"]
[Date "2013.06.06"]
[Round "6"]
[White "Molina, Roberto Junio Brito"]
[Black "Mekhitarian, Krikor Sevag"]
[Result "1/2-1/2"]
[WhiteElo "2423"]
[BlackElo "2544"]
[PlyCount "51"]
[EventDate "2013.06.01"]
[EventType "swiss"]
[EventRounds "9"]
[EventCountry "BUL"]
[SourceTitle "CBM 154 Extra"]
[Source "ChessBase"]
[SourceDate "2013.06.25"]
[SourceVersion "2"]
[SourceVersionDate "2013.06.25"]
[SourceQuality "1"]

1. e4 e5 2. Nf3 Nc6 3. Bb5 a6 4. Ba4 Nf6 5. Bxc6 dxc6 6. d3 Bd6 7. Nbd2 Be6 8.
O-O Nd7 9. Nc4 Bxc4 10. dxc4 O-O 11. Qe2 Qe7 12. Bg5 Qe6 13. Nh4 g6 14. b3 f6
15. Bd2 a5 16. a4 b6 17. Rae1 Rae8 18. g3 Qh3 19. f3 Nc5 20. Be3 Qd7 21. Rd1
Qe7 22. Bxc5 Bxc5+ 23. Kh1 Rd8 24. Ng2 Rxd1 25. Rxd1 Rd8 26. Ne1 1/2-1/2

[Event "Albena Masters op"]
[Site "Albena"]
[Date "2013.06.07"]
[Round "7"]
[White "Mekhitarian, Krikor Sevag"]
[Black "Paravyan, David"]
[Result "1-0"]
[WhiteElo "2544"]
[BlackElo "2373"]
[PlyCount "221"]
[EventDate "2013.06.01"]
[EventType "swiss"]
[EventRounds "9"]
[EventCountry "BUL"]
[SourceTitle "CBM 154 Extra"]
[Source "ChessBase"]
[SourceDate "2013.06.25"]
[SourceVersion "2"]
[SourceVersionDate "2013.06.25"]
[SourceQuality "1"]

1. e4 e5 2. Nf3 Nc6 3. Bb5 a6 4. Ba4 Nf6 5. O-O Be7 6. d3 b5 7. Bb3 d6 8. a3
O-O 9. Nc3 Bb7 10. Ne2 d5 11. exd5 Nxd5 12. Ng3 Qd7 13. Re1 Nf6 14. Nxe5 Nxe5
15. Rxe5 Bd6 16. Rg5 h6 17. Rg6 Qc6 18. Nf5 Kh8 19. Rxg7 Rg8 20. Bxh6 Rxg7 21.
Bxg7+ Kh7 22. Qf3 Qxf3 23. gxf3 Rg8 24. Bxf7 Rxg7+ 25. Nxg7 Kxg7 26. Be6 Bxf3
27. Re1 Nh5 28. h3 Nf4 29. Bg4 Bd5 30. d4 a5 31. Re8 b4 32. axb4 axb4 33. Re3
Kf7 34. h4 Kf6 35. Kf1 Bc4+ 36. Kg1 Bf7 37. Bf3 Ng6 38. h5 Nf4 39. h6 Kg6 40.
Be4+ Kxh6 41. Kf1 Kg5 42. Ke1 Bc4 43. Rg3+ Kf6 44. Kd2 Ne6 45. Rg6+ Kf7 46. Rg4
Nf4 47. Rh4 Be6 48. Rh1 Nd5 49. Kd3 Nf6 50. f3 Nd5 51. Rh7+ Kg8 52. Rh6 Bf7 53.
Rh1 Nb6 54. Ke2 Na4 55. Rb1 Kf8 56. Ke3 Ke7 57. Bc6 Nb6 58. Be4 Nd5+ 59. Kd3
Nf4+ 60. Kd2 Ne6 61. c3 b3 62. Bd5 Bf4+ 63. Kd1 Bg6 64. Be4 Bh5 65. Ke2 Ng5 66.
Kd3 Nh3 67. Kc4 Bf7+ 68. Bd5 Bxd5+ 69. Kxd5 Ng5 70. Rf1 Nf7 71. Kc4 Nd6+ 72.
Kxb3 Nf5 73. Re1+ Kd7 74. Kc4 Bg3 75. Rh1 Bd6 76. Kd3 Be7 77. Rh7 Ke6 78. b4 c6
79. Rh1 Nh4 80. Ke4 Nf5 81. Ra1 Bd6 82. Ra6 Ne7 83. Kd3 Kd7 84. Ra7+ Ke6 85.
Ra1 Nd5 86. Re1+ Kd7 87. Rb1 Nf4+ 88. Kc4 Ne6 89. d5 Ng5 90. Rf1 Bf4 91. Kd4
cxd5 92. Kxd5 Bd2 93. Kc4 Bf4 94. Kb5 Ne6 95. Rd1+ Kc7 96. c4 Be3 97. c5 Nd4+
98. Ka4 Bf2 99. Rf1 Be3 100. f4 Nf5 101. Kb5 Bd2 102. Ka4 Kc6 103. Rh1 Nd4 104.
Rh6+ Kc7 105. Rd6 Be3 106. b5 Kb7 107. Rd7+ Kc8 108. Rd6 Kb7 109. Rf6 Ne2 110.
Re6 Nc3+ 111. Kb3 1-0

[Event "Albena Masters op"]
[Site "Albena"]
[Date "2013.06.08"]
[Round "8"]
[White "Mekhitarian, Krikor Sevag"]
[Black "Vajda, Levente"]
[Result "0-1"]
[WhiteElo "2544"]
[BlackElo "2617"]
[PlyCount "84"]
[EventDate "2013.06.01"]
[EventType "swiss"]
[EventRounds "9"]
[EventCountry "BUL"]
[SourceTitle "CBM 154 Extra"]
[Source "ChessBase"]
[SourceDate "2013.06.25"]
[SourceVersion "2"]
[SourceVersionDate "2013.06.25"]
[SourceQuality "1"]

1. e4 e5 2. Nf3 Nc6 3. Bb5 a6 4. Ba4 Nf6 5. O-O Be7 6. d3 d6 7. c3 O-O 8. Re1
b5 9. Bc2 Re8 10. Nbd2 Bf8 11. h3 Bb7 12. a4 h6 13. Nf1 d5 14. Qe2 b4 15. Ng3
Na5 16. Nf5 b3 17. Bb1 Bc8 18. N3h4 d4 19. cxd4 exd4 20. Bd2 Nc6 21. Rc1 Ne7
22. Ng3 Ng6 23. Nf3 c5 24. Qd1 Rb8 25. Be1 Be6 26. Nf1 Nh7 27. N1d2 Ng5 28. Nc4
Bxh3 29. Nfd2 Bxg2 30. Kxg2 Qd7 31. Kg1 Nf4 32. Ne3 dxe3 33. fxe3 Nxd3 34. Nc4
Rbd8 35. Bxd3 Qxd3 36. Qxd3 Rxd3 37. e5 Nf3+ 38. Kf2 Nxe5 39. Ke2 Rd5 40. Na5
f5 41. Nxb3 Ng4 42. Rc3 f4 0-1

[Event "Albena Masters op"]
[Site "Albena"]
[Date "2013.06.09"]
[Round "9"]
[White "Erturan, Yakup"]
[Black "Mekhitarian, Krikor Sevag"]
[Result "0-1"]
[WhiteElo "2374"]
[BlackElo "2544"]
[PlyCount "46"]
[EventDate "2013.06.01"]
[EventType "swiss"]
[EventRounds "9"]
[EventCountry "BUL"]
[SourceTitle "CBM 154 Extra"]
[Source "ChessBase"]
[SourceDate "2013.06.25"]
[SourceVersion "2"]
[SourceVersionDate "2013.06.25"]
[SourceQuality "1"]

1. d4 Nf6 2. c4 e6 3. Nf3 b6 4. g3 Ba6 5. b3 Bb4+ 6. Bd2 Be7 7. Nc3 d5 8. cxd5
exd5 9. Qc2 c5 10. e3 Bxf1 11. Kxf1 Nc6 12. Kg2 Rc8 13. Rac1 O-O 14. Qb1 Re8
15. Na4 Ne4 16. Rhd1 cxd4 17. exd4 Ba3 18. Rc2 Qf6 19. Be1 g5 20. Qa1 g4 21.
Ng1 Nb4 22. Rxc8 Rxc8 23. Nc3 Nxc3 0-1

[Event "Golden Sands Europe op 2nd"]
[Site "Golden Sands"]
[Date "2013.06.11"]
[Round "2"]
[White "Paravyan, David"]
[Black "Mekhitarian, Krikor Sevag"]
[Result "1-0"]
[WhiteElo "2373"]
[BlackElo "2544"]
[PlyCount "113"]
[EventDate "2013.06.10"]
[EventType "swiss"]
[EventRounds "9"]
[EventCountry "BUL"]
[SourceTitle "CBM 154 Extra"]
[Source "ChessBase"]
[SourceDate "2013.06.25"]
[SourceVersion "2"]
[SourceVersionDate "2013.06.25"]
[SourceQuality "1"]

1. e4 c5 2. Nf3 d6 3. d4 cxd4 4. Nxd4 Nf6 5. Nc3 a6 6. Bg5 Nbd7 7. Bc4 Qb6 8.
Qd2 Qxb2 9. O-O e6 10. Bb3 Qa3 11. f4 Be7 12. Rae1 h6 13. Bh4 O-O 14. Re3 Qa5
15. Be1 Qb6 16. Bf2 Qa5 17. Rg3 Kh8 18. Be3 Nc5 19. f5 Ncxe4 20. Nxe4 Qxd2 21.
Nxd2 e5 22. N4f3 b5 23. a4 Bb7 24. Ra1 Nh5 25. Rh3 Nf6 26. axb5 axb5 27. Rxa8
Bxa8 28. Bg5 Kg8 29. Bh4 Bb7 30. Nf1 Ra8 31. Bxf6 Bxf6 32. Ne3 Bd8 33. Bd5 Ra1+
34. Kf2 Bc8 35. Nd2 Bb6 36. Rf3 Rc1 37. Ke2 Bxe3 38. Kxe3 Rxc2 39. Ne4 Bd7 40.
Nxd6 Rxg2 41. Nxf7 Kf8 42. Nxe5 Bc8 43. Kf4 Rd2 44. Ng6+ Ke8 45. Bc6+ Kd8 46.
Bxb5 Rxh2 47. Bc4 Rb2 48. Rd3+ Kc7 49. Be6 Rb4+ 50. Ke5 Rb5+ 51. Kf4 Rb4+ 52.
Kg3 Bxe6 53. fxe6 Rb6 54. Rd7+ Kc8 55. Ne7+ Kb8 56. Nc6+ Kc8 57. Rd8+ 1-0

[Event "Golden Sands Europe op 2nd"]
[Site "Golden Sands"]
[Date "2013.06.12"]
[Round "3"]
[White "Mekhitarian, Krikor Sevag"]
[Black "Deac, Bogdan Daniel"]
[Result "1-0"]
[WhiteElo "2544"]
[BlackElo "2226"]
[PlyCount "91"]
[EventDate "2013.06.10"]
[EventType "swiss"]
[EventRounds "9"]
[EventCountry "BUL"]
[SourceTitle "CBM 154 Extra"]
[Source "ChessBase"]
[SourceDate "2013.06.25"]
[SourceVersion "2"]
[SourceVersionDate "2013.06.25"]
[SourceQuality "1"]

1. e4 c6 2. d4 d5 3. e5 Bf5 4. Nf3 e6 5. Be2 c5 6. O-O cxd4 7. Nxd4 Ne7 8. Nd2
Nbc6 9. N2f3 Be4 10. Be3 a6 11. c4 dxc4 12. Bxc4 Nxd4 13. Nxd4 Bd5 14. Rc1 Bxc4
15. Rxc4 Nd5 16. Qg4 Qd7 17. Bg5 h6 18. Bd2 g6 19. Nf3 Bg7 20. Re1 Rc8 21. Rd4
Rc2 22. Bc3 b5 23. Qe4 Rxc3 24. bxc3 O-O 25. c4 bxc4 26. Rxc4 Rd8 27. h4 a5 28.
Rec1 Bf8 29. g3 Kg7 30. Kg2 Be7 31. h5 g5 32. Nh2 Rb8 33. Ng4 Ba3 34. Rb1 Rxb1
35. Qxb1 Be7 36. Qe4 Qb5 37. Kh2 Qb2 38. a4 Qb6 39. Rc8 Qb7 40. Re8 Qd7 41. Ra8
Bd8 42. Qf3 Qc7 43. Qe4 Qe7 44. Qc2 Nb6 45. Nf6 Kf8 46. Qh7 1-0

[Event "Golden Sands Europe op 2nd"]
[Site "Golden Sands"]
[Date "2013.06.13"]
[Round "4"]
[White "Bonafede, Alessandro"]
[Black "Mekhitarian, Krikor Sevag"]
[Result "1-0"]
[WhiteElo "2353"]
[BlackElo "2544"]
[PlyCount "80"]
[EventDate "2013.06.10"]
[EventType "swiss"]
[EventRounds "9"]
[EventCountry "BUL"]
[SourceTitle "CBM 154 Extra"]
[Source "ChessBase"]
[SourceDate "2013.06.25"]
[SourceVersion "2"]
[SourceVersionDate "2013.06.25"]
[SourceQuality "1"]

1. e4 c5 2. Nf3 e6 3. Qe2 Nc6 4. g3 g6 5. Bg2 Bg7 6. O-O Nge7 7. c3 e5 8. Na3
O-O 9. Nc4 d6 10. a4 h6 11. Rd1 Be6 12. d3 Qc7 13. Bd2 d5 14. exd5 Bxd5 15. Re1
Rfe8 16. Be3 b6 17. a5 Rab8 18. a6 Rbd8 19. Na3 Qd7 20. Nb5 Nb8 21. c4 Bc6 22.
b4 Bxb5 23. cxb5 Qxb5 24. bxc5 Nxa6 25. cxb6 axb6 26. Reb1 Nb4 27. Qd2 Nec6 28.
Bxh6 Rxd3 29. Qg5 Qc5 30. Qh4 Nd4 31. Bxg7 Kxg7 32. Ng5 Rh8 33. Qe4 Rc3 34. Ra7
Rf8 35. h4 Rc1+ 36. Rxc1 Qxc1+ 37. Kh2 Nbc6 38. Rc7 Qd2 39. Qe3 Qxe3 40. fxe3
Nf5 1-0

[Event "Golden Sands Europe op 2nd"]
[Site "Golden Sands"]
[Date "2013.06.14"]
[Round "5"]
[White "Mekhitarian, Krikor Sevag"]
[Black "Primbetov, Kazbek"]
[Result "0-1"]
[WhiteElo "2544"]
[BlackElo "2225"]
[PlyCount "90"]
[EventDate "2013.06.10"]
[EventType "swiss"]
[EventRounds "9"]
[EventCountry "BUL"]
[SourceTitle "CBM 154 Extra"]
[Source "ChessBase"]
[SourceDate "2013.06.25"]
[SourceVersion "2"]
[SourceVersionDate "2013.06.25"]
[SourceQuality "1"]

1. e4 c5 2. Nf3 d6 3. d4 cxd4 4. Nxd4 Nf6 5. Nc3 g6 6. Be3 Bg7 7. f3 Nc6 8. Qd2
O-O 9. Bc4 Bd7 10. O-O-O Rc8 11. Bb3 Nxd4 12. Bxd4 b5 13. Nd5 Nxd5 14. exd5 a5
15. a3 Bxd4 16. Qxd4 Bf5 17. Rd2 b4 18. g4 Bd7 19. axb4 axb4 20. Re2 Qa5 21.
Kd2 Rc7 22. Rxe7 Rfc8 23. Rc1 Be8 24. Rxc7 Qxc7 25. Re1 Qd8 26. Qxb4 Rb8 27.
Qd4 Bb5 28. f4 Qh4 29. g5 Qxh2+ 30. Kc1 Qg3 31. Qe3 Qh4 32. Rg1 Re8 33. Qg3 Qh5
34. c4 Qe2 35. cxb5 Rc8+ 36. Kb1 Qe4+ 37. Ka1 Ra8+ 38. Ba2 Qc4 39. Kb1 Qxa2+
40. Kc2 Rc8+ 41. Kd1 Qxd5+ 42. Ke1 Rc1+ 43. Kf2 Rc2+ 44. Ke3 Qb3+ 45. Ke4 Rc4+
0-1

[Event "Golden Sands Europe op 2nd"]
[Site "Golden Sands"]
[Date "2013.06.16"]
[Round "7"]
[White "Mekhitarian, Krikor Sevag"]
[Black "Zalkind, Konstantin"]
[Result "1-0"]
[WhiteElo "2544"]
[BlackElo "2211"]
[PlyCount "77"]
[EventDate "2013.06.10"]
[EventType "swiss"]
[EventRounds "9"]
[EventCountry "BUL"]
[SourceTitle "CBM 154 Extra"]
[Source "ChessBase"]
[SourceDate "2013.06.25"]
[SourceVersion "2"]
[SourceVersionDate "2013.06.25"]
[SourceQuality "1"]

1. e4 c6 2. d4 d5 3. e5 Bf5 4. Nf3 e6 5. Be2 Nd7 6. O-O h6 7. a4 Ne7 8. a5 a6
9. Be3 Bh7 10. c4 dxc4 11. Nbd2 Nd5 12. Nxc4 Be7 13. Bd3 Bxd3 14. Qxd3 O-O 15.
Qe4 Rc8 16. Qg4 Kh7 17. Rfd1 Qc7 18. Rac1 c5 19. dxc5 Nxc5 20. Rxd5 exd5 21.
Nb6 Qb8 22. Qf5+ g6 23. Qh3 Ne6 24. Qxh6+ Kg8 25. Rxc8 Rxc8 26. Nxd5 Re8 27. h3
Qd8 28. Nxe7+ Qxe7 29. Bg5 Qf8 30. Qh4 Nxg5 31. Nxg5 Qg7 32. f4 f6 33. Ne4 fxe5
34. Nf6+ Kf7 35. Nxe8 Kxe8 36. Qg4 Kd8 37. Qg5+ Kc8 38. Qxe5 Qf7 39. Kh2 1-0

[Event "Golden Sands Europe op 2nd"]
[Site "Golden Sands"]
[Date "2013.06.17"]
[Round "8"]
[White "Skomorokhin, Roman"]
[Black "Mekhitarian, Krikor Sevag"]
[Result "1-0"]
[WhiteElo "2331"]
[BlackElo "2544"]
[PlyCount "105"]
[EventDate "2013.06.10"]
[EventType "swiss"]
[EventRounds "9"]
[EventCountry "BUL"]
[SourceTitle "CBM 154 Extra"]
[Source "ChessBase"]
[SourceDate "2013.06.25"]
[SourceVersion "2"]
[SourceVersionDate "2013.06.25"]
[SourceQuality "1"]

1. d4 Nf6 2. c4 e6 3. Nc3 Bb4 4. Qc2 O-O 5. a3 Bxc3+ 6. Qxc3 d6 7. Nf3 b6 8. e3
Bb7 9. Be2 a5 10. b3 Nbd7 11. O-O Re8 12. Nd2 e5 13. d5 e4 14. Bb2 Bc8 15. Qc2
Qe7 16. Rfe1 h6 17. Nf1 Nh7 18. Ng3 Ndf6 19. Rad1 Ng4 20. Bxg4 Bxg4 21. Bxg7 f6
22. h3 Qxg7 23. Nf5 Qg6 24. hxg4 Kh8 25. Qe2 h5 26. g3 hxg4 27. Nh4 Qh5 28. Kg2
Re5 29. Rh1 Kg8 30. Qb2 Qf7 31. Kf1 Ng5 32. Ke2 Nf3 33. Ng2 Rf8 34. Nf4 Kg7 35.
b4 axb4 36. axb4 Ra8 37. Ra1 Rh8 38. Rxh8 Kxh8 39. Ra8+ Kh7 40. Qa1 Kg7 41. Qa7
Ng5 42. Qb8 Kh6 43. Qh8+ Nh7 44. Ra1 Rh5 45. Nxh5 Qxh5 46. Qc8 Ng5 47. Qf8+ Kg6
48. Qe8+ Nf7 49. Qxe4+ f5 50. Qe6+ Kg7 51. Ra7 Qh1 52. Rxc7 Qf3+ 53. Ke1 1-0

[Event "Varna op 7th"]
[Site "Varna"]
[Date "2013.06.19"]
[Round "1"]
[White "Mekhitarian, Krikor Sevag"]
[Black "Gurvich, Vitaly"]
[Result "1-0"]
[WhiteElo "2544"]
[BlackElo "1935"]
[PlyCount "67"]
[EventDate "2013.06.19"]
[EventType "swiss"]
[EventRounds "9"]
[EventCountry "BUL"]
[SourceTitle "CBM 155 Extra"]
[Source "ChessBase"]
[SourceDate "2013.08.26"]
[SourceVersion "1"]
[SourceVersionDate "2013.08.26"]
[SourceQuality "1"]

1. e4 c5 2. Nf3 d6 3. d4 cxd4 4. Nxd4 Nf6 5. Nc3 a6 6. Be3 e6 7. f3 Be7 8. Qd2
Qc7 9. g4 Nc6 10. g5 Nd7 11. O-O-O O-O 12. h4 Nde5 13. Qg2 b5 14. f4 Nxd4 15.
Bxd4 b4 16. Na4 Nc6 17. Bb6 Qb7 18. Be3 d5 19. exd5 exd5 20. Bd3 d4 21. Be4 Bd7
22. Rxd4 Rac8 23. Rhd1 Be8 24. b3 Qb8 25. Rc4 Na5 26. Rxc8 Qxc8 27. Nb6 Qe6 28.
Rd5 Bb5 29. f5 Qc6 30. Rd1 Qe8 31. f6 Bd8 32. fxg7 Kxg7 33. Bd4+ Kg8 34. Bd5
1-0

[Event "Varna op 7th"]
[Site "Varna"]
[Date "2013.06.20"]
[Round "2"]
[White "Abdalla, Luiz Guilherme"]
[Black "Mekhitarian, Krikor Sevag"]
[Result "1/2-1/2"]
[WhiteElo "2288"]
[BlackElo "2544"]
[PlyCount "93"]
[EventDate "2013.06.19"]
[EventType "swiss"]
[EventRounds "9"]
[EventCountry "BUL"]
[SourceTitle "CBM 155 Extra"]
[Source "ChessBase"]
[SourceDate "2013.08.26"]
[SourceVersion "1"]
[SourceVersionDate "2013.08.26"]
[SourceQuality "1"]

1. d4 e6 2. c4 Bb4+ 3. Nc3 b6 4. Qc2 Bb7 5. a3 Bxc3+ 6. Qxc3 Nf6 7. e3 O-O 8.
Ne2 c5 9. b4 d5 10. Bb2 cxb4 11. axb4 Ne4 12. Qc2 dxc4 13. Qxc4 Qh4 14. Ng3
Nxg3 15. fxg3 Qe4 16. Qd3 Qxd3 17. Bxd3 Bxg2 18. Rg1 Bb7 19. Kd2 Rc8 20. g4 Nc6
21. Bc3 Ne7 22. e4 a6 23. g5 b5 24. h4 Rc7 25. h5 Rd8 26. Rac1 Rcd7 27. Bb2 Nc6
28. Rxc6 Bxc6 29. Ke3 Bb7 30. h6 g6 31. Rf1 Kf8 32. Rf2 Ke7 33. Bc2 Rc7 34. Bb3
Rcd7 35. Rf1 Rc8 36. Kd3 Rdc7 37. d5 exd5 38. exd5 Rc4 39. Bxc4 bxc4+ 40. Kd4
c3 41. Ba3 c2 42. b5+ Ke8 43. Re1+ Kd8 44. Be7+ Kd7 45. Ba3 Kd8 46. Be7+ Kd7
47. Ba3 1/2-1/2